000 00538nam a2200229 a 4500
001 nice12345678
003 IN_TiNIC
005 20260116011413.0
008 050524s0000 chea grp 000 0 eng
020 _a
_c0
082 0 0 _a297.03
_bKUL
100 _aKulaini,
245 _aUsulul-Kafi, Book No.1
260 _aChennai
_bLilly Soosai Opset
_c0000
500 _aincludes index and biblioraphy
505 2 _aIndex
650 _aDictionary-Islam
700 1 _aKulaini,
902 _bSRS
942 _cBK
999 _c1228
_d1228